000 00265nam a2200097Ia 4500
001 652332
005 20250826154436.0
008 250824s9999 xx 000 0 und d
245 0 _aKURTULUŞUN KAHRAMANLARI 20 CASUS MEHMET
_cİSMAİL BİLGİN
260 _bTİMAŞ ÇOCUK
999 _c652332
_d652332